| 000 | 00000nas 2200000za 4500 |
| 001 | 9.860681 |
| 003 | CaOODSP |
| 005 | 20250107113116 |
| 007 | cr ||||||||||| |
| 008 | 180818c20189999qucar p o f0 a0eng|d |
| 022 | |a2561-9683|l2561-9675 |
| 040 | |aCaOODSP|beng |
| 043 | |an-cn--- |
| 086 | 1 |aR75-6E-PDF |
| 222 | 0|aClimate Change and Health Adaptation Program for First Nations South of 60°N |b(Online) |
| 245 | 00|aClimate Change and Health Adaptation Program for First Nations South of 60°N |h[electronic resource] : |bfunding application guide. |
| 260 | |a[Gatineau, QC] : |bIndigenous Services Canada, |c[2018]- |
| 310 | |aAnnual |
| 362 | 1 |aBegan with: 2018/2019. |
| 500 | |aIssued also in French under title: Programme sur le changement climatique et l’adaptation du secteur de la santé pour les Première Nations vivant au Sud du 60°N : guide de présentation des demandes de financement. |
| 530 | |aIssued also in print. |
| 692 | 07|2gccst|aClimate change |
| 692 | 07|2gccst|aAdjustment |
| 692 | 07|2gccst|aFunding |
| 692 | 07|2gccst|aAboriginal peoples |
| 710 | 1 |aCanada. |bIndigenous Services Canada. |
| 775 | 08|tProgramme sur le changement climatique et l’adaptation du secteur de la santé pour les Première Nations vivant au Sud du 60°N |w(CaOODSP)9.860684 |
| 776 | 0#|tClimate Change and Health Adaptation Program for First Nations South of 60°N : |w(CaOODSP)9.860700 |